000 00276nam a22001097a 4500
008 170105b xxu||||| |||| 00| 0 eng d
020 _a9781416056591
041 _aeng
080 _26TH
_a618.2
245 _aSUCCESS IN PRACTICAL/ VOCATIONAL NURSING
_cHOWLETT, H
942 _2udc
_cBK
999 _c2550
_d2550